00415nam a2200157Ia 4500008004100000020001500041050001500056100002600071245002000097245001700117245004300134260003400177260000900211300001600220700002100236160319s9999 xx 000 0 und d a9714204224 bB697i 2004 aBonachita, Maricel M. aIbong Adarna :  bmga gawain / cMaricel M. Bonachita, Arlene A. Ramos. bTrinitas Publishing Inc, Inc. c2004 a147 pages : aRamos, Arlene A.